Παγκοσμιοποίηση : οι συνέπειες για τον άνθρωπο

Αποθηκεύτηκε σε:
Λεπτομέρειες βιβλιογραφικής εγγραφής
Κύριος συγγραφέας: Bauman, Zygmunt, 1925-2017
Μορφή: Βιβλίο
Γλώσσα:Greek
English
Δημοσίευση: Αθήνα : Πολύτροπον, 2004.
Σειρά:Θεωρία - Ιδέες (Πολύτροπον)
Θέματα:
Ετικέτες: Προσθήκη ετικέτας
Δεν υπάρχουν, Καταχωρήστε ετικέτα πρώτοι!

MARC

LEADER 00000cam a2200000 i 4500
001 1/69754
008 080110s2004####gr | ||| ||| ||gre||
020 |a 9608354145  
035 |l 10093498 
040 |a GR-MyUa  |b gre  |e AACR2 
041 1 |a gre  |h eng 
082 7 |a 303.4   |2 (22)  
100 1 |a Bauman, Zygmunt,   |d 1925-2017. 
245 1 0 |a Παγκοσμιοποίηση :   |b οι συνέπειες για τον άνθρωπο /   |c Ζίγκμουντ Μπάουμαν ; μετάφραση: Χρήστος Βαλλιανός ; επιμέλεια: Ξανθίππη Τσελέντη.  
260 |a Αθήνα :   |b Πολύτροπον,   |c 2004.  
300 |a 185 σ. ;   |c 21 εκ. 
490 1 |a (Θεωρία - Ιδέες / Πολύτροπον) 
504 |a Περιλαμβάνει βιβλιογραφικές παραπομπές και ευρετήρια.  
650 0 |a Postmodernism  |x Social aspects. 
650 0 |a Internationalism. 
650 0 |a International economic relations. 
650 0 |a Freedom of movement. 
650 0 |a Social mobility. 
830 0 |a Θεωρία - Ιδέες (Πολύτροπον) 
852 |a INST  |b LESVOS  |c EUDOXUS  |e 20160526  |h 303.4 BAU  |p 005100058095  |q 005100058095  |t EDX  |y 0 
852 |a INST  |b LESVOS  |c EUDOXUS  |e 20160526  |h 303.4 BAU  |p 005100058096  |q 005100058096  |t EDX  |y 0 
852 |a INST  |b RHODES  |e 20231011  |h 303.4 BAU  |p 005400043840  |q 005400043840  |t BK  |y 0 
852 |a INST  |b SYROS  |e 20080110  |h 303.4 BAU  |p 005500006802  |q 005500006802  |t BK  |y 0 
901 |a BIBL5-2008-1 
920 |a Εύδοξος  |b Παραγγελία  |y Λέσβος-ΤΠ  |z 2016-05 
922 |a 5ΕΛΗ  |b 200711  |c ΕΠΕΑΕΚ2/ΤΜΣΠΣ  |d Σ. Πατάκης 
970 |a Καγιαβά  |b Ειρήνη  |z 10/01/2008